000 00880nam a2200253Ia 4500
003 OSt
005 20220923224629.0
006 a|||||r|||| 00| 0
007 ta
008 220922b |||||||| |||| 00| 0 hin d
024 _a248,401
037 _cTextual
040 _aARTS
_cARTS
_bhin
041 _2hin
_ahin
082 _aO111973,3x, 152K6
100 _aबालकृष्ण एम. ए.
_9168166
245 0 _aअमरीका की श्रेष्ठ कहानियॉं
246 _aAmarīkā kī shreṣhṭha kahāniyaॉan
260 _aदिल्ली
_b राजपाल एण्ड सन्ज़
_c1966
300 _a363पृ.
_ccm.
650 _aअंग्रेजी साहित्य
_9156276
942 _hO111973,3x, 152K6
_cTEXL
_2CC
999 _c372635
_d372635